书目信息 |
| 题名: |
建设领域信息化标准体系
|
|
| 作者: | ;建设领域信息化标准体系编委会 | |
| 分册: | ||
| 出版信息: | 北京 中国建筑工业出版社 2003.06 |
|
| 页数: | 163页 | |
| 开本: | 26cm | |
| 丛书名: | ||
| 单 册: | ||
| 中图分类: | F123.6 | |
| 科图分类: | ||
| 主题词: | 经济--中国 | |
| 电子资源: | ||
| ISBN: | 7-112-05731-0 | |
| 000 | 00688nam0 2200193 45 | |
| 001 | 0431532873 | |
| 005 | 2004042708453287 | |
| 010 | @a7-112-05731-0@dCNY 25.00 | |
| 100 | @a20040427d2003 km y0chiy0120 ea | |
| 101 | 0 | @achi |
| 102 | @aCN@b110000 | |
| 200 | 1 | @a建设领域信息化标准体系@Ajian she ling yu xin xi hua biao zhun ti xi@f建设领域信息化标准体系编委会@Fjian she ling yu xin xi hua biao zhun ti xi bian wei hui |
| 210 | @a北京@c中国建筑工业出版社@d2003.06 | |
| 215 | @a163页@d26cm | |
| 606 | 0 | @a经济@x中国 |
| 690 | @aF123.6@v3 | |
| 711 | 0 | @a建设领域信息化标准体系编委会@Ajian she ling yu xin xi hua biao zhun ti xi bian wei hui |
| 801 | 0 | @aCN@bPFT@c20040427 |
| 905 | @dF123.6@eJ310 | |
| 建设领域信息化标准体系/建设领域信息化标准体系编委会.-北京:中国建筑工业出版社,2003.06 |
| 163页;26cm |
| ISBN 7-112-05731-0:CNY 25.00 |
| ● |
| 相关链接 |
|
|
|
正题名:建设领域信息化标准体系
索取号:F123.6/J310
 
预约/预借
| 序号 | 登录号 | 条形码 | 馆藏地/架位号 | 状态 | 备注 |
| 1 | 391981 | 203919812 | 社科库409/409社科库 68排4列5层/ [索取号:F123.6/J310] | 在馆 | |
| 2 | 391982 | 203919821 | 社科库409/409社科库 68排4列5层/ [索取号:F123.6/J310] | 在馆 |